Statistieken voor Europese hoofdsteden

Klik hier om de quiz te nemen!

Algemene statistieken

  • Deze quiz is 213 keer genomen
  • De gemiddelde score is 35 van 50

Antwoordstatistieken

LandEerste letterHoofdstad% Correct
NederlandAAmsterdam
100%
GriekenlandAAthene
90%
DuitslandBBerlijn
87%
BelgiëBBrussel
87%
FrankrijkPParijs
86%
ItaliëRRome
86%
LuxemburgLLuxemburg
85%
SpanjeMMadrid
85%
PortugalLLissabon
84%
Verenigd KoninkrijkLLonden
84%
RuslandMMoskou
83%
IerlandDDublin
82%
DenemarkenKKopenhagen
81%
MonacoMMonaco
81%
NoorwegenOOslo
81%
OostenrijkWWenen
81%
FinlandHHelsinki
80%
OekraïneKKiev
80%
ZwitserlandBBern
79%
San MarinoSSan Marino
79%
ZwedenSStockholm
79%
VaticaanstadVVaticaanstad
79%
TsjechiëPPraag
77%
HongarijeBBoedapest
74%
TurkijeAAnkara
73%
PolenWWarschau
72%
KroatiëZZagreb
72%
RoemeniëBBoekarest
70%
IJslandRReykjavik
70%
BulgarijeSSofia
70%
Wit-RuslandMMinsk
66%
LetlandRRiga
62%
ServiëBBelgrado
61%
Noord-MacedoniëSSkopje
61%
EstlandTTallinn
61%
SlovakijeBBratislava
59%
LitouwenVVilnius
57%
Bosnië en HerzegovinaSSarajevo
56%
AndorraAAndorra la Vella
55%
AlbaniëTTirana
55%
SloveniëLLjubljana
53%
MaltaVValletta
50%
CyprusNNicosia
49%
MoldaviëCChisinau
47%
LiechtensteinVVaduz
46%
AzerbeidzjanBBakoe
42%
KosovoPPristina
42%
MontenegroPPodgorica
41%
GeorgiëTTbilisi
41%
ArmeniëJJerevan
40%

Scoreverdeling

Percentiel versus Aantal Correcte Antwoorden

Procent van Mensen met Elke Score

Uw Scoregeschiedenis

U heeft deze quiz nog niet genomen